000 00678nam a2200205 a 4500
005 20200104041519.0
008 140226b1992 sz a gr|||| 00| 0 eng d
040 _aCO-BoIAVH
_cCO-BoIAVH
041 _aeng
044 _asz
082 0 4 _a333.7071
_bW92r
111 2 _aWorld Congress on Natural Parks and Protected Areas
_c4, Caracas
_d1992
_956782
245 1 _aWorld Congress on Natural Parks and Protected Areas
_bregional reviews
260 _aGland
_bUICN
_c1992
300 _a380 paginas.:
_bilustraciones.;
_c26 x 18 cm
650 4 _aParques nacionales naturales
_956783
650 4 _aAreas protegidas
_978
650 4 _aAreas marinas protegidas
_956785
942 _cLIBRO
_2ddc
999 _c1251
_d1251